La segunda guerra mundial 1939-1942

Uloženo v:
Podrobná bibliografie
Hlavní autor: Gilbert, Martín (Autor)
Médium: Kniha
Jazyk:španělština
Vydáno: Madrid Esfera de los Libros 2005
Vydání:1a. ed
Témata:
Tagy: Přidat tag
Žádné tagy, Buďte první, kdo vytvoří štítek k tomuto záznamu!

MARC

LEADER 00000nam a2200000 a 4500
001 UCK9781
003 CL-VaPUC
008 060531e20050000SP |||||||||||||||||spa|d
020 |a 8497342992 
020 |a 8497342984v.1 
082 0 4 |a 940.53  |b GIL  |2 21 
100 |a Gilbert, Martín  |e author  |9 499698 
245 1 3 |a La segunda guerra mundial 1939-1942 
250 |a 1a. ed 
300 |a 631 p 
942 |c BK 
945 |d 20060531 00:00:00  |a jtorresc 
260 |a Madrid  |b Esfera de los Libros  |c 2005 
600 0 7 |a HITLER, ADOLF  |2 CL-VaPUC  |9 314510 
650 7 |a GUERRA MUNDIAL II  |2 CL-VaPUC  |9 336657 
650 0 |a Historia  |9 255047 
650 0 |a Política económica   |9 255029 
651 0 |a Europa  |9 255156 
651 0 |a África  |9 256790 
651 0 |a Francia  |9 255157 
651 0 |a Inglaterra  |9 255158 
651 7 |a POLONIA  |2 CL-VaPUC  |9 321936 
583 |a last modification  |c 20060531 00:00:00  |k Rodrigo Vera 
999 |c 316843  |d 316841 
952 |0 0  |1 0  |4 0  |6 940_530000000000000_GIL_2005  |7 0  |8 A  |9 392340  |a BIBHIS  |b BIBHIS  |d 2019-11-22  |i 4237706  |l 1  |o 940.53 GIL 2005  |p 4237706  |r 2025-01-20  |s 2023-06-20  |w 2019-11-22  |y BK  |k HIS